[Event "Pic d'Anie op 1st"]
[Site "Arette"]
[Date "2004.08.??"]
[Round "2"]
[White "Tholey, Jean Paul"]
[Black "Bouhana, Marie"]
[Result "1-0"]
[WhiteElo "2057"]
[BlackElo "1910"]
[PlyCount "105"]
[EventDate "2004.08.??"]
[EventType "swiss"]
[EventRounds "7"]
[EventCountry "FRA"]
[SourceTitle "EXT 2007"]
[Source "ChessBase"]
[SourceDate "2006.11.23"]
[SourceVersion "1"]
[SourceVersionDate "2006.11.23"]
[SourceQuality "1"]

1. d4 d5 2. c4 c6 3. Nf3 Nf6 4. Nc3 e6 5. Bg5 Nbd7 6. e3 Qa5 7. cxd5 cxd5 8. Nd2 Bb4 9. Qc2 0-0 10. Bd3 h6 11. Bh4 a6 12. 0-0 Qd8 13. Rac1 Nb6 14. Qb3 Be7 15. a4 Bd7 16. a5 Nc4 17. Bxc4 dxc4 18. Nxc4 Bc6 19. Nb6 Rb8 20. Bg3 Bd6 21. Bxd6 Qxd6 22. f3 Rbd8 23. Rcd1 Qc7 24. e4 Rfe8 25. Rf2 Qf4 26. Ne2 Qg5 27. Qc3 Kh8 28. Ng3 Kg8 29. Qd2 Qb5 30. b4 Nd7 31. Nxd7 Rxd7 32. Qc3 Red8 33. Rfd2 Kf8 34. Nf1 b6 35. Ne3 bxa5 36. bxa5 Rc8 37. Qa3+ Kg8 38. d5 exd5 39. exd5 Bb7 40. d6 Qe5 41. Ng4 Qg5 42. Re2 Rc5 43. Re8+ Kh7 44. Qd3+ f5 45. Ne5 Rd5 46. Nxd7 Rxd3 47. Nf8+ Kg8 48. Ne6+ Kf7 49. Nxg5+ Kxe8 50. Rxd3 hxg5 51. Re3+ Kd7 52. Re7+ Kc6 53. Rc7+ 1-0

[Event "FRA-chT2S"]
[Site "France"]
[Date "2003.03.16"]
[Round "9.9"]
[White "Bouhana, Marie"]
[Black "Hileyan, Michel"]
[Result "0-1"]
[WhiteElo "1960"]
[BlackElo "2085"]
[PlyCount "113"]
[EventDate "2002.10.??"]
[EventType "team"]
[EventRounds "11"]
[EventCountry "FRA"]
[SourceTitle "EXT 2004"]
[Source "ChessBase"]
[SourceDate "2003.11.25"]
[SourceVersion "1"]
[SourceVersionDate "2003.11.25"]
[SourceQuality "1"]

1. c4 d6 2. g3 e5 3. Bg2 g6 4. Nc3 Bg7 5. e4 Ne7 6. Nge2 Be6 7. d3 Qd7 8. h3 Nbc6 9. Be3 Nd4 10. Bxd4 exd4 11. Nd5 Qd8 12. Nef4 Bd7 13. Nb4 c6 14. 0-0 Rb8 15. Rc1 a5 16. Nc2 h5 17. Ne1 h4 18. g4 Bh6 19. Qf3 Qc7 20. Bh1 d5 21. Neg2 dxc4 22. Rxc4 Bg7 23. Rfc1 Be5 24. Ne2 Be6 25. Rc5 b6 26. R5c2 Bxa2 27. b4 Bb3 28. Rb2 a4 29. Ne1 Bh2+ 30. Kf1 Bd6 31. Nxd4 Bxb4 32. Qf6 0-0 33. Nxb3 axb3 34. Rxb3 Bxe1 35. Rxe1 c5 36. Rc1 Rfd8 37. Kg2 Nc6 38. Rcb1 Rd6 39. Qxh4 Nd4 40. Rc3 Ne2 41. Rcb3 Nf4+ 42. Kg1 Rxd3 43. Rxd3 Nxd3 44. Qf6 Qf4 45. Qxf4 Nxf4 46. h4 f6 47. Kf1 Kf7 48. Bf3 b5 49. Ke1 Ke6 50. Be2 b4 51. h5 Ke5 52. hxg6 Nxg6 53. Bd1 Nf4 54. f3 Ne6 55. Kd2 Nf4 56. Ke3 Rh8 57. Rc1 0-1

[Event "FRA-chT2S"]
[Site "France"]
[Date "2003.03.15"]
[Round "8.9"]
[White "Levacic, Melissa"]
[Black "Bouhana, Marie"]
[Result "1-0"]
[WhiteElo "1978"]
[BlackElo "1960"]
[PlyCount "55"]
[EventDate "2002.10.??"]
[EventType "team"]
[EventRounds "11"]
[EventCountry "FRA"]
[SourceTitle "EXT 2004"]
[Source "ChessBase"]
[SourceDate "2003.11.25"]
[SourceVersion "1"]
[SourceVersionDate "2003.11.25"]
[SourceQuality "1"]

1. e4 e6 2. d3 d5 3. Nd2 Bd6 4. Ngf3 c6 5. g3 Nd7 6. Bg2 Ne7 7. 0-0 Ng6 8. Qe2 0-0 9. h4 Bc7 10. h5 Ne7 11. Nb3 h6 12. Nh4 Nf6 13. e5 Nd7 14. d4 f6 15. Bh3 fxe5 16. Bxe6+ Kh8 17. Be3 Nf6 18. dxe5 Bxe6 19. exf6 Rxf6 20. Bd4 Bh3 21. Bxf6 Bxf1 22. Qxe7 Qxe7 23. Ng6+ Kh7 24. Bxe7 Bh3 25. Nd4 Re8 26. Re1 c5 27. Ne6 Kg8 28. Nxc7 1-0

[Event "FRA-chT2S"]
[Site "France"]
[Date "2003.01.18"]
[Round "5.9"]
[White "Guadalpi, Celine"]
[Black "Bouhana, Marie"]
[Result "1-0"]
[WhiteElo "1920"]
[BlackElo "1960"]
[PlyCount "73"]
[EventDate "2002.10.??"]
[EventType "team"]
[EventRounds "11"]
[EventCountry "FRA"]
[SourceTitle "EXT 2004"]
[Source "ChessBase"]
[SourceDate "2003.11.25"]
[SourceVersion "1"]
[SourceVersionDate "2003.11.25"]
[SourceQuality "1"]

1. e4 e6 2. d4 d5 3. e5 c5 4. c3 Bd7 5. Nf3 Qb6 6. Bd3 cxd4 7. cxd4 Bb5 8. 0-0 Nc6 9. Nc3 Ba6 10. Na4 Qa5 11. Bd2 Bb4 12. Bxb4 Nxb4 13. Bxa6 Qxa6 14. Qb3 Qa5 15. a3 Na6 16. Qxb7 Rd8 17. Qc6+ Kf8 18. b4 Ne7 19. Qc2 Qb5 20. Rfc1 f6 21. Qb3 Kf7 22. Nc5 Nc7 23. a4 Qb6 24. b5 Rhe8 25. Rab1 Rc8 26. a5 Qb8 27. b6 axb6 28. axb6 Na8 29. b7 Rc7 30. bxa8Q Qxa8 31. Qb6 Rc6 32. Qb7 Qd8 33. Nd3 Rxc1+ 34. Rxc1 Kf8 35. Nc5 Nf5 36. exf6 Qxf6 37. Nd7+ 1-0

[Event "FRA-ch U20"]
[Site "Le Grand Bornand"]
[Date "2003.??.??"]
[Round "1.8"]
[White "Milliet, Sophie"]
[Black "Bouhana, Marie"]
[Result "1-0"]
[WhiteElo "2240"]
[BlackElo "1960"]
[PlyCount "59"]
[EventDate "2003.??.??"]
[EventType "swiss"]
[EventRounds "9"]
[EventCountry "FRA"]
[SourceTitle "EXT 2004"]
[Source "ChessBase"]
[SourceDate "2003.11.25"]
[SourceVersion "1"]
[SourceVersionDate "2003.11.25"]
[SourceQuality "1"]

1. e4 e6 2. d4 d5 3. e5 c5 4. c3 Bd7 5. Nf3 Qb6 6. a3 cxd4 7. cxd4 Bb5 8. Bxb5+ Qxb5 9. b4 Ne7 10. Nc3 Qc4 11. Bb2 Nd7 12. Rc1 Nc6 13. Ne2 Qb5 14. 0-0 Be7 15. Nc3 Qc4 16. Qd2 0-0 17. Qe3 Nb6 18. b5 Na5 19. Nd2 Qc8 20. Nxd5 Qd8 21. Nxe7+ Qxe7 22. Qc3 Nd5 23. Qxa5 Qg5 24. Nf3 Qg6 25. Qd2 f6 26. exf6 gxf6 27. Rfe1 Rae8 28. Qc2 Qh5 29. Re4 Rf7 30. Rh4 1-0